Vidas de los doce Césares
Đã lưu trong:
| Tác giả chính: | |
|---|---|
| Định dạng: | Sách |
| Ngôn ngữ: | Tiếng Tây Ban Nha |
| Được phát hành: |
Madrid
Gredos
1992
|
| Loạt: | Biblioteca Clásica Gredos, 167
|
| Những chủ đề: | |
| Các nhãn: |
Thêm thẻ
Không có thẻ, Là người đầu tiên thẻ bản ghi này!
|
MARC
| LEADER | 00000nam a2200000 a 4500 | ||
|---|---|---|---|
| 001 | UCN7104 | ||
| 003 | CL-VaPUC | ||
| 008 | 011012e19920000SP |||||||||||||||||spa|d | ||
| 082 | 0 | 4 | |a 937.06 |b SUE |2 21 |
| 100 | 0 | |a Suetonio |e author |9 463026 | |
| 245 | 1 | 0 | |a Vidas de los doce Césares |
| 300 | |a v | ||
| 942 | |c BK | ||
| 945 | |d 20011012 00:00:00 |a cmena | ||
| 260 | |a Madrid |b Gredos |c 1992 | ||
| 650 | 0 | |a Historia romana |9 322973 | |
| 650 | 0 | |a Imperio Romano |9 322785 | |
| 650 | 0 | |a Emperadores romanos |9 314054 | |
| 650 | 0 | |a Biografías |9 255210 | |
| 583 | |a last modification |c 20011012 00:00:00 |k Rodrigo Vera | ||
| 490 | 0 | |a Biblioteca Clásica Gredos, 167 | |
| 999 | |c 297622 |d 297620 | ||
| 952 | |0 0 |1 0 |4 0 |6 937_060000000000000_SUE_1992 |7 0 |8 X |9 352533 |a BIBHIS |b BIBHIS |d 2019-11-21 |h v.1 |i 3763080 |o 937.06 SUE 1992 |p 3763080 |r 2024-01-30 |w 2019-11-21 |y BK_X |k HIS | ||
| 952 | |0 0 |1 0 |4 0 |6 937_060000000000000_SUE_1992 |7 0 |8 X |9 352534 |a BIBHIS |b BIBHIS |d 2019-11-21 |h v.2 |i 3763099 |o 937.06 SUE 1992 |p 3763099 |r 2024-01-30 |w 2019-11-21 |y BK_X |k HIS | ||